[Event "HUN-chT2 Erkel 1718"]
[Site "Hungary"]
[Date "2017.10.29"]
[Round "3.10"]
[White "Szivak, Andras"]
[Black "Lenko, Csaba"]
[Result "1/2-1/2"]
[WhiteElo "1668"]
[BlackElo "1914"]
[PlyCount "232"]
[EventDate "2017.09.24"]
[EventType "team-tourn"]
[EventRounds "11"]
[EventCountry "HUN"]
[SourceTitle "EXT 2021"]
[Source "ChessBase"]
[SourceDate "2020.10.23"]
[SourceVersion "1"]
[SourceVersionDate "2020.10.23"]
[SourceQuality "1"]
[WhiteTeam "Sarkany DSE"]
[BlackTeam "Salgotarjan"]
[WhiteTeamCountry "HUN"]
[BlackTeamCountry "HUN"]

1. d4 Nf6 2. Nf3 g6 3. c4 Bg7 4. Nc3 d5 5. Bg5 Ne4 6. cxd5 Nxg5 7. Nxg5 e6 8. Nf3 exd5 9. e3 0-0 10. b4 c6 11. Be2 Nd7 12. Rc1 a6 13. a4 Nf6 14. 0-0 Qe7 15. Qb3 Be6 16. Ne5 Ne4 17. Nf3 Rfd8 18. Rfd1 Bf8 19. Na2 f6 20. Nd2 Bf7 21. Nxe4 Qxe4 22. Nc3 Qe7 23. Rb1 f5 24. Bd3 Qd7 25. Rdc1 Bd6 26. Ne2 Qe7 27. Rc2 Re8 28. Rcc1 Qf6 29. b5 axb5 30. axb5 Ra3 31. Qd1 Rea8 32. Ra1 Rxa1 33. Rxa1 Rxa1 34. Qxa1 c5 35. Qa8+ Kg7 36. Qxb7 c4 37. Bc2 f4 38. exf4 Bxf4 39. Qc6 Qe7 40. Kf1 Bb8 41. Qa6 Qb4 42. Qa4 Qb2 43. h3 Be8 44. Bd1 Bxb5 45. Qc2 Qa1 46. Qc1 Qa7 47. Qb2 Be8 48. Qb1 Bf7 49. Qb2 Bc7 50. Qb1 Bb6 51. Qb2 Qc7 52. Bc2 Qa7 53. Bb1 Be8 54. Nf4 Bf7 55. Ne2 h6 56. Bc2 Qa6 57. Bb1 Ba5 58. Qa3 Qb6 59. Bc2 Bb4 60. Qb2 Qa5 61. Bb1 Ba3 62. Qc2 Qb4 63. Ba2 Bb2 64. Bb1 Qb6 65. Qd2 Ba3 66. Qc2 Be8 67. Nf4 Qb5 68. Nxg6 c3+ 69. Kg1 Qb2 70. Nf4 Qxc2 71. Bxc2 Bf7 72. Kf1 Bc1 73. Nd3 Bd2 74. Ke2 Bg6 75. Nb4 Bh5+ 76. g4 Bf7 77. Bf5 h5 78. Kd3 hxg4 79. hxg4 Kf6 80. Na2 Be1 81. f3 Kg5 82. Nxc3 Kf4 83. Nb5 Kxf3 84. Nd6 Bg8 85. Ne8 Bh4 86. Nd6 Kf4 87. Nb5 Kg5 88. Kc3 Be1+ 89. Kd3 Kf6 90. Ke3 Bb4 91. Kf4 Bd2+ 92. Kg3 Kg5 93. Kf3 Bf4 94. Nc3 Bb8 95. Ne2 Ba7 96. Ke3 Bb8 97. Ng1 Bf4+ 98. Kd3 Bc1 99. Nf3+ Kf6 100. Ne5 Kg5 101. Nc6 Kf6 102. Kc3 Bf4 103. Kb4 Bd6+ 104. Kb5 Be6 105. Bxe6 Kxe6 106. Nb4 Be7 107. Nc6 Bf6 108. Kc5 Bg5 109. Na7 Be3 110. Nb5 Kf6 111. Kxd5 Kg5 112. Ke4 Bxd4 113. Kf3 Bb2 114. Nd6 Bc1 115. Ne4+ Kg6 116. Kg3 Be3 1/2-1/2

[Event "HUN-chT2 Erkel 1718"]
[Site "Hungary"]
[Date "2017.10.08"]
[Round "2.9"]
[White "Tallos, Emil"]
[Black "Lenko, Csaba"]
[Result "0-1"]
[WhiteElo "1815"]
[BlackElo "1914"]
[PlyCount "46"]
[EventDate "2017.09.24"]
[EventType "team-tourn"]
[EventRounds "11"]
[EventCountry "HUN"]
[SourceTitle "EXT 2021"]
[Source "ChessBase"]
[SourceDate "2020.10.23"]
[SourceVersion "1"]
[SourceVersionDate "2020.10.23"]
[SourceQuality "1"]
[WhiteTeam "Szada GSBE"]
[BlackTeam "Salgotarjan"]
[WhiteTeamCountry "HUN"]
[BlackTeamCountry "HUN"]

1. c4 Nf6 2. Nc3 d5 3. d4 g6 4. cxd5 Nxd5 5. e4 Nxc3 6. bxc3 Bg7 7. Nf3 0-0 8. Be2 c5 9. 0-0 Nc6 10. Be3 Qa5 11. Qb3 Bg4 12. Rad1 Qc7 13. h3 cxd4 14. cxd4 Bc8 15. Rc1 Qb6 16. Rfd1 Rd8 17. d5 Qxb3 18. axb3 Ne5 19. Nd4 Nd7 20. f4 Nb6 21. Nb5 Bd7 22. Nxa7 Nc8 23. e5 Nxa7 0-1

[Event "HUN-chT2 Erkel 1617"]
[Site "Hungary"]
[Date "2017.01.29"]
[Round "7.8"]
[White "Karacsonyi, Gellert"]
[Black "Lenko, Csaba"]
[Result "1-0"]
[WhiteElo "1978"]
[BlackElo "1932"]
[PlyCount "49"]
[EventDate "2016.09.25"]
[EventType "team-tourn"]
[EventRounds "11"]
[EventCountry "HUN"]
[SourceTitle "EXT 2021"]
[Source "ChessBase"]
[SourceDate "2020.10.23"]
[SourceVersion "1"]
[SourceVersionDate "2020.10.23"]
[SourceQuality "1"]
[WhiteTeam "Budapest Kobanya II"]
[BlackTeam "Salgotarjan"]
[WhiteTeamCountry "HUN"]
[BlackTeamCountry "HUN"]

1. e4 e6 2. d4 d5 3. Nd2 c5 4. exd5 Qxd5 5. dxc5 Bxc5 6. Ngf3 Nf6 7. Bc4 Qh5 8. 0-0 0-0 9. Nb3 Bb6 10. Qe2 Nc6 11. Bf4 Bd7 12. a4 Rfe8 13. Ne5 Qxe2 14. Bxe2 Rac8 15. Nc4 Bc7 16. Bxc7 Rxc7 17. Nd6 Rf8 18. c3 Ne7 19. Nb5 Bxb5 20. axb5 Ned5 21. Rxa7 Nf4 22. Bf3 N6d5 23. Rd1 Rb8 24. g3 Ng6 25. Bxd5 1-0

[Event "HUN-chT2 Erkel 0910"]
[Site "Hungary"]
[Date "2010.02.14"]
[Round "6.8"]
[White "Lenko, Csaba"]
[Black "Laszlo, Laura"]
[Result "1-0"]
[WhiteElo "1995"]
[BlackElo "1823"]
[PlyCount "109"]
[EventDate "2009.11.08"]
[EventType "team-tourn"]
[EventRounds "11"]
[EventCountry "HUN"]
[SourceTitle "EXT 2011"]
[Source "ChessBase"]
[SourceDate "2010.11.26"]
[SourceVersion "1"]
[SourceVersionDate "2010.11.26"]
[SourceQuality "1"]
[WhiteTeam "Paszto"]
[BlackTeam "Barcza"]
[WhiteTeamCountry "HUN"]
[BlackTeamCountry "HUN"]

1. e4 d5 2. exd5 Nf6 3. d4 Nxd5 4. Nf3 Bg4 5. Be2 e6 6. h3 Bf5 7. c3 Be7 8. Na3 Nd7 9. Nc4 N7b6 10. Bd3 Bxd3 11. Qxd3 c5 12. Nxb6 Qxb6 13. a4 a6 14. a5 Qc7 15. 0-0 Rd8 16. Qe4 Nf6 17. Qe2 0-0 18. Qc4 Nd5 19. Qe2 Rc8 20. Bd2 Rfe8 21. Rfc1 Bf6 22. Qe4 Qd6 23. Re1 Re7 24. Rad1 Qc7 25. Ra1 Qd7 26. c4 Nb4 27. dxc5 Nc6 28. Rad1 Qc7 29. b4 Rd7 30. b5 axb5 31. cxb5 Nd4 32. Bf4 Qxc5 33. Rc1 Qf8 34. Ne5 Bxe5 35. Bxe5 Rxc1 36. Rxc1 Nxb5 37. Bxg7 Kxg7 38. Qe5+ f6 39. Qxb5 Qd6 40. Rc3 Qd1+ 41. Kh2 Qd6+ 42. Rg3+ Kf8 43. Qh5 Rg7 44. Qh6 Qe7 45. Rc3 Qd6+ 46. g3 Kf7 47. Qc1 f5 48. Rc7+ Kf6 49. Rxg7 Kxg7 50. Qb2+ Kg6 51. Qxb7 f4 52. Qe4+ Kg7 53. Qxf4 e5 54. Qe3 Kf6 55. Qb6 1-0

[Event "HUN-chT2 Erkel 0910"]
[Site "Hungary"]
[Date "2009.11.22"]
[Round "2.11"]
[White "Tomasek, Tamas Mate"]
[Black "Lenko, Csaba"]
[Result "1-0"]
[WhiteElo "1982"]
[BlackElo "1995"]
[PlyCount "93"]
[EventDate "2009.11.08"]
[EventType "team-tourn"]
[EventRounds "11"]
[EventCountry "HUN"]
[SourceTitle "EXT 2011"]
[Source "ChessBase"]
[SourceDate "2010.11.26"]
[SourceVersion "1"]
[SourceVersionDate "2010.11.26"]
[SourceQuality "1"]
[WhiteTeam "Foti"]
[BlackTeam "Paszto"]
[WhiteTeamCountry "HUN"]
[BlackTeamCountry "HUN"]

1. d4 Nf6 2. c4 g6 3. Nc3 d5 4. cxd5 Nxd5 5. e4 Nxc3 6. bxc3 Bg7 7. Be3 0-0 8. Qd2 c5 9. Nf3 Qa5 10. Rc1 Nc6 11. d5 Ne5 12. Nxe5 Bxe5 13. f4 Bg7 14. Be2 Rd8 15. c4 Qxd2+ 16. Kxd2 b6 17. Bf3 e5 18. Rhe1 Re8 19. g4 Bd7 20. f5 f6 21. Bd1 Kf7 22. a4 Ke7 23. Rb1 Kd6 24. Bc2 g5 25. Rb2 Bf8 26. a5 Kc7 27. Ra1 Rab8 28. Ba4 Bxa4 29. Rxa4 a6 30. axb6+ Rxb6 31. Rba2 Kb7 32. Ra5 Rc8 33. Kc3 Rc7 34. h4 h6 35. hxg5 hxg5 36. Rh2 Rb1 37. Rh8 Be7 38. Rh6 Re1 39. Kd2 Rb1 40. Ra2 Rb6 41. Rh7 Bd6 42. Rxc7+ Kxc7 43. Kc3 Kb7 44. Ra5 Rb1 45. Bxc5 Bc7 46. Ra2 Bb6 47. Bxb6 1-0

[Event "HUN-chT2 Erkel 0607"]
[Site "Hungary"]
[Date "2006.12.03"]
[Round "3"]
[White "Trajber, Daniel"]
[Black "Lenko, Csaba"]
[Result "1-0"]
[WhiteElo "1969"]
[BlackElo "2003"]
[PlyCount "35"]
[EventDate "2006.11.12"]
[EventType "team"]
[EventRounds "11"]
[EventCountry "HUN"]
[SourceTitle "EXT 2008"]
[Source "ChessBase"]
[SourceDate "2007.11.25"]
[SourceVersion "1"]
[SourceVersionDate "2007.11.25"]
[SourceQuality "1"]
[WhiteTeam "Vaci"]
[BlackTeam "Vasarteri"]
[WhiteTeamCountry "HUN"]
[BlackTeamCountry "HUN"]

1. e4 e5 2. Nf3 Nc6 3. d4 exd4 4. Nxd4 Bc5 5. Be3 Qf6 6. c3 Nge7 7. Bc4 Qg6 8. 0-0 0-0 9. Nd2 d6 10. f4 Bg4 11. Qe1 Nxd4 12. cxd4 Bb4 13. f5 Qf6 14. h3 Bxh3 15. gxh3 Bxd2 16. Qxd2 Qh4 17. Qg2 Rad8 18. Bg5 1-0

[Event "Balatonlelle op-B"]
[Site "Balatonlelle "]
[Date "2005.06.25"]
[Round "8"]
[White "Lenko, Csaba"]
[Black "Habiger, Gerhard"]
[Result "1/2-1/2"]
[WhiteElo "2010"]
[BlackElo "1824"]
[PlyCount "66"]
[EventDate "2005.06.18"]
[EventType "swiss"]
[EventRounds "9"]
[EventCountry "HUN"]
[SourceTitle "EXT 2008"]
[Source "ChessBase"]
[SourceDate "2007.11.25"]
[SourceVersion "1"]
[SourceVersionDate "2007.11.25"]
[SourceQuality "1"]

1. e4 e6 2. d4 d5 3. exd5 exd5 4. Bd3 Bd6 5. Nf3 Nf6 6. 0-0 0-0 7. h3 c6 8. c3 Re8 9. Qc2 Qc7 10. Be3 h6 11. Nbd2 Nh5 12. Rfe1 Be6 13. Nf1 Nd7 14. Re2 Nf4 15. Bxf4 Bxf4 16. Rae1 Nf6 17. Bf5 Bxf5 18. Qxf5 Rxe2 19. Rxe2 Re8 20. Rxe8+ Nxe8 21. g3 Bd6 22. Kg2 g6 23. Qc2 Nf6 24. Qe2 Qe7 25. Qxe7 Bxe7 26. Ne5 Ne4 27. f3 Nd6 28. Nd2 Kg7 29. Kf2 f6 30. Nd3 Kf7 31. Ke2 Nc8 32. Ke3 Bd6 33. Kf2 Ke6 1/2-1/2

[Event "Zalakaros op 23rd"]
[Site "Zalakaros"]
[Date "2004.05.18"]
[Round "5"]
[White "Kreindl, Helmut"]
[Black "Lenko, Csaba"]
[Result "1-0"]
[WhiteElo "2219"]
[BlackElo "2046"]
[PlyCount "59"]
[EventDate "2004.05.14"]
[EventType "swiss"]
[EventRounds "9"]
[EventCountry "HUN"]
[SourceTitle "EXT 2008"]
[Source "ChessBase"]
[SourceDate "2007.11.25"]
[SourceVersion "1"]
[SourceVersionDate "2007.11.25"]
[SourceQuality "1"]

1. d4 Nf6 2. Nf3 g6 3. Bf4 Bg7 4. e3 d6 5. h3 c5 6. Nbd2 0-0 7. Be2 Nc6 8. c3 a6 9. 0-0 Bd7 10. Bh2 b5 11. a4 b4 12. c4 Qb6 13. d5 Na5 14. b3 h6 15. Ra2 Bf5 16. Nh4 Bd7 17. e4 Nh7 18. f4 e5 19. dxe6 Bxe6 20. f5 g5 21. fxe6 gxh4 22. exf7+ Rxf7 23. Rxf7 Kxf7 24. Nf3 Re8 25. Qd5+ Re6 26. Nxh4 Bd4+ 27. Kh1 Nf6 28. Bh5+ Ke7 29. Ng6+ Kf7 30. Nf4+ 1-0

[Event "Salgotarjan Balazs Memorial op"]
[Site "Salgotarjan"]
[Date "2003.08.03"]
[Round "7"]
[White "Lenko, Csaba"]
[Black "Ponyi, Attila"]
[Result "1-0"]
[WhiteElo "2039"]
[BlackElo "2114"]
[PlyCount "79"]
[EventDate "2003.07.28"]
[EventType "swiss"]
[EventRounds "9"]
[EventCountry "HUN"]
[SourceTitle "EXT 2008"]
[Source "ChessBase"]
[SourceDate "2007.11.25"]
[SourceVersion "1"]
[SourceVersionDate "2007.11.25"]
[SourceQuality "1"]

1. e4 d5 2. exd5 Nf6 3. d4 Nxd5 4. Nf3 g6 5. Be2 Bg7 6. 0-0 0-0 7. h3 c6 8. c4 Nb6 9. Be3 Bf5 10. Nc3 Na6 11. a3 Nc7 12. Rc1 Nc8 13. Qd2 Re8 14. d5 cxd5 15. cxd5 Nd6 16. Nd4 Rc8 17. Nxf5 Nxf5 18. Bg4 Nxe3 19. fxe3 f5 20. Bf3 Qd6 21. Rfd1 Red8 22. Qe2 Bh6 23. Rb1 Qb6 24. Rd4 Ne8 25. Re1 a5 26. Qf2 Bg7 27. Na4 Qc7 28. Rd2 Be5 29. Qe2 Nd6 30. Nc3 Nc4 31. d6 exd6 32. Nd5 Qg7 33. Rc2 Nxb2 34. Rb1 Rxc2 35. Qxc2 b5 36. Nc7 Rb8 37. Ne6 Qa7 38. Bd5 Qxe3+ 39. Kh1 Qc3 40. Nd4+ 1-0

[Event "Salgotarjan Balazs Memorial op"]
[Site "Salgotarjan"]
[Date "2003.07.28"]
[Round "1"]
[White "Lenko, Csaba"]
[Black "Szollosi, Laszlo Jr"]
[Result "0-1"]
[WhiteElo "2039"]
[BlackElo "2261"]
[PlyCount "74"]
[EventDate "2003.07.28"]
[EventType "swiss"]
[EventRounds "9"]
[EventCountry "HUN"]
[SourceTitle "EXT 2008"]
[Source "ChessBase"]
[SourceDate "2007.11.25"]
[SourceVersion "1"]
[SourceVersionDate "2007.11.25"]
[SourceQuality "1"]

1. e4 c5 2. d4 g6 3. Nf3 Bg7 4. d5 d6 5. Be2 Nf6 6. Nc3 Bg4 7. 0-0 a6 8. h3 Bxf3 9. Bxf3 b5 10. Re1 0-0 11. e5 dxe5 12. d6 Ra7 13. dxe7 Qxe7 14. Bg5 Nbd7 15. Nd5 Qe6 16. Ne3 e4 17. Ng4 Nxg4 18. Bxg4 f5 19. Be2 Bxb2 20. a4 b4 21. Rb1 Bc3 22. Bd2 Bd4 23. Qc1 Ne5 24. c3 bxc3 25. Bxc3 Rd7 26. a5 Rfd8 27. Rb6 Rd6 28. Rb7 R8d7 29. Rb8+ Kg7 30. Bd2 Bxf2+ 31. Kxf2 Rxd2 32. Kf1 Qd6 33. Rb6 Qd4 34. Qa1 Nd3 35. Qxd4+ cxd4 36. Ra1 Nf4 37. Bxa6 e3 0-1